000 00701nam a2200241Ia 4500
003 OSt
005 20220923215457.0
006 a|||||r|||| 00| 0
007 ta
008 220922b |||||||| |||| 00| 0 hin d
024 _a179,121
037 _cTextual
040 _aARTS
_cARTS
_bhin
041 _2hin
_ahin
082 _aO152,1M89,18:g, N1
100 _aजयशंकर प्रसाद
245 0 _aकामायनी
246 _aKāmāyanī
260 _aजयपुर
_b साहित्यागर
_c1991
300 _a264 पृ.
_ccm.
942 _hO152,1M89,18:g, N1
_cTEXL
_2CC
999 _c332502
_d332502